000 00435nam a2200121Ia 4500
008 220615s9999||||xx |||||||||||||| ||und||
245 0 _aUnderstanding HIV/AIDS Management and Care
_bPandemic Approaches in the 21st Century
546 _aEnglish[eng]
650 _aInfectious & contagious diseases
700 _aHanania Kasenga, Fyson
856 _uhttps://mts.intechopen.com/storage/books/635/authors_book/authors_book.pdf
942 _cEB
999 _c14360
_d14360